Science Quiz

Random Science or Word Play Quiz

Elemental Dinosaurs Quiz Stats

 Plays Quiz Updated May 30, 2019

Score 0/14 Timer 04:00
0 Plays Today
Hint Answer % Correct
Boron Argon Osmium Gold Ruthenium SulfurBarosaurus
71%
Bromine Actinium Hydrogen Iodine Osmium Gold Ruthenium SulfurBrachiosaurus
70%
Tantalum Nickel Uranium SulfurTanius
66.9%
Carbon Argon Nobelium Tantalum Uranium Ruthenium SulfurCarnotaurus
66.2%
Potassium Oxygen Tantalum Sulfur Gold Ruthenium SulfurKotasaurus
64.3%
Tantalum Lanthanum Ruthenium Ruthenium SulfurTalarurus
62%
Tantalum Rubidium Osmium Gold Ruthenium SulfurTarbosaurus
58.6%
Hint Answer % Correct
Polonium Lanthanum Calcium Nitrogen Thorium Uranium SulfurPolacanthus
57.4%
Aluminum Boron Erbium Tantalum Carbon Erbium Astatine Oxygen Phosphorus SulfurAlbertaceratops
56.7%
Molybdenum Nobelium Chlorine Oxygen Nickel Uranium SulfurMonoclonius
53.8%
Carbon Iodine Titanium Protactinium TitaniumCitipati
49.1%
Molybdenum Nobelium Nitrogen Yttrium Potassium Uranium SulfurMononykus
46.6%
Protactinium Radium Lithium Titanium Tantalum NitrogenParalititan
44.6%
Gallium Sulfur Phosphorus Argon Indium Iodine Sulfur Gold RadiumGasparinisaura
40.7%

You're not logged in!

Compare scores with friends on all Sporcle quizzes.
OR
Log In

Sporcle TV

Today on Sporcle TV


Watch our educational content, quiz creation guides, and fun videos on Sporcle TV.

Show Comments

Extras

Top Quizzes Today


Score Distribution

Your Account Isn't Verified!

In order to create a playlist on Sporcle, you need to verify the email address you used during registration. Go to your Sporcle Settings to finish the process.

Report this User

Report this user for behavior that violates our Community Guidelines.

Details: